Statistiken für Teuersten Bundesliga Transfers

Klicken Sie hier um das Quiz zu spielen!

Allgemein

  • Dieses Quiz wurde 1.820 mal gespielt
  • Das Durchschnittsergebnis liegt bei 10 aus 30

Antwortstatistiken

HinweisAntwortAblösesummme% Korrekt
FCBLucas Hernández80,00 Mio. €
87%
FCBMats Hummels35,00 Mio. €
73%
BVBMats Hummels30,50 Mio. €
73%
FCBMario Götze37,00 Mio. €
72%
WOBJulian Draxler43,00 Mio. €
60%
FCBManuel Neuer30,00 Mio. €
55%
FCBJavi Martinez40,00 Mio. €
51%
WOBAndré Schürrle32,00 Mio. €
44%
BVBAndré Schürrle30,00 Mio. €
44%
FCBArjen Robben25,00 Mio. €
43%
FCBCorentin Tolisso41,50 Mio. €
43%
FCBFranck Ribéry30,00 Mio. €
42%
FCBBenjamin Pavard35,00 Mio. €
37%
FCBMario Gómez30,00 Mio. €
33%
BVBJulian Brandt25,00 Mio. €
31%
BVBNico Schulz25,50 Mio. €
24%
FCBThiago25,00 Mio. €
22%
BVBThorgan Hazard25,50 Mio. €
22%
FCBDouglas Costa30,00 Mio. €
21%
LEVKerem Demirbay32,00 Mio. €
21%
S04Breel Embolo26,50 Mio. €
18%
FCBArturo Vidal37,50 Mio. €
16%
FCBRenato Sanches35,00 Mio. €
14%
BVBMárcio Amoroso25,50 Mio. €
11%
RBLNaby Keïta24,00 Mio. €
9%
LEVLucas Alario24,00 Mio. €
8%
BVBAbdou Diallo28,00 Mio. €
7%
FCBMedhi Benatia28,00 Mio. €
6%
BVBAndrii Yarmolenko25,00 Mio. €
5%
BVBHenrikh Mkhitaryan27,50 Mio. €
5%

Verteilung der Resultate

Perzentil nach korrekt beantworteten Fragen

Anzahl Personen mit jedem Resultat

Ihre Resultats-Entwicklung

Sie haben dieses Quiz noch nicht gespielt